000 00923nam a2200229Ia 4500
001 11169
003 GE_BSU
008 181216s||||||||xx |||||||||||||| ||und||
040 _cGE_BSU
080 _a621.797(075.32)
100 _aბიწაძე,ჯ. კუბლაშვილი,გ. მაჩაიძე,ზ.
245 _aმანქანათა რემონტი.
245 _bსახელმძღვ.სას-სამ.ტექნიკუმების სოფლის მეურნეობის მექანიზაციის სპეც.მოსწავლეთათვის.
245 _cრედ:გ.ნიქაბაძე.
260 _aთბილისი.
260 _bგანათლება.
260 _c1974.
300 _a330გვ;23სმ.
300 _eილ;
653 _aმანქანათა რემონტი.
942 _cBK
999 _c44403
_d44403